Words that end with ry - Statistics

General Stats
  • This quiz has been taken 48 times
  • The average score is 6 of 7
Answer Stats
Hint Answer % Correct
When you perform an action hastily you do it in a ____ Hurry
96%
When something is ____ it induces fear Scary
96%
When you ____ you become anxious about potential or actual problems Worry
93%
Milk is a form of Dairy
91%
When someone is mad they are Angry
89%
A ___ is a account of events and incidents that can be fictional or real Story
80%
To ___ someone or something you move it/them while supporting it/them Carry
74%
No matching quizzes found
Score Distribution
Percent of People with Each Score
Percentile by Number Answered
Your Score History
You have not taken this quiz